000 00804nas a2200229 a 4500
001 000424837
003 AM-YEHGA
005 20250617133150.0
008 050428c19339999ai r1 0 0arm d
040 _aAM-YeHGA
041 0 _aarm
245 0 0 _aԱրշավ /
_cՎրաստանի խորհրդային գրողների միության հայկական սեկցիա.
260 _aԹբիլիսի :
_bՍախելգամի,
_c1933-.
270 0 _aԹբիլիսի
300 _a3 համար :
_bնկ.
310 _aՅեռամսյա որգան
650 0 4 _aԱմսագիր
650 1 4 _aԳրականագիտություն
_vՊարբերական
710 2 _aՎրաստանի խորհրդային գրողների միության հայկական սեկցիա
942 _2udc
_cCR
090 _c162963
999 _c161557
_d161557